000 00746nam a22002657a 4500
003 OSt
005 20220924113637.0
006 a|||||r|||| 00| 0
007 ta
008 220923b |||||||| |||| 00| 0 eng d
024 _a138675
037 _cGeneral Books
040 _aARTS
_cARTS
_beng
041 _2eng
_aeng
082 _aX:512, K21
100 _aWright John S
_9170278
245 0 _aAdvertising
260 _aNA
_bNA
_c1962
300 _ap.
490 _aMcGraw Hill sereis in marketing and advertising ed by Stuart Henderson Britt; 19
650 _aECONOMICS
700 _a Warner Daniel S
_9170279
942 _hX:512, K21
_cGB
_2CC
999 _c390309
_d390309